00000000cam 2200000zi 4500
0019.957392
003CaOODSP
00520251211125647
006m     o  d f      
007cr mn|||||||||
008251118e20251211oncd    ob   f000 0 fre d
020 |a9780660797694
040 |aCaOODSP|bfre|erda|cCaOODSP
043 |an-cn---
0861 |aCS13-605/2025-1-5F-PDF
24504|aUne vue d'ensemble des révisions apportées aux comptes financiers et du patrimoine, 1999 à 2025.
264 1|a[Ottawa] : |bStatistique Canada = Statistics Canada, |cdécembre 11, 2025.
264 4|c©2025
300 |a1 ressource en ligne (15 pages) : |bgraphiques.
336 |atexte|btxt|2rdacontent/fre
337 |ainformatique|bc|2rdamedia/fre
338 |aressource en ligne|bcr|2rdacarrier/fre
4901 |aLes nouveautés en matière de comptes économiques canadiens, |x1705-9666
500 |aTitre de la couverture.
500 |aPublié aussi en anglais sous le titre : An overview of the revisions to the financial and wealth accounts, 1999 to 2025.
500 |a« Date de diffusion : le 11 décembre 2025. »
504 |aComprend des références bibliographiques.
650 6|aFinances|zCanada|xStatistiques|xMéthodologie.
7102 |aStatistique Canada, |eorganisme de publication.
77508|tAn overview of the revisions to the financial and wealth accounts, 1999 to 2025. |w(CaOODSP)9.957391
830#0|aLes nouveautés en matière de comptes économiques canadiens (Statistique Canada)|w(CaOODSP)9.898985
85640|qPDF|s515 Ko|uhttps://publications.gc.ca/collections/collection_2025/statcan/13-605-x/CS13-605-2025-1-5-fra.pdf
8564 |qHTML|sS.O.|uhttps://www150.statcan.gc.ca/n1/pub/13-605-x/2025001/article/00005-fra.htm
986 |a13-605-X